000 00404nam a2200181Ia 4500
001 4744
005 20260306145818.0
008 260306t1996||||xx |||||||||||||| ||spa||
041 _aESP
082 _a330.015195
_bM14
100 _aMaddala, G.S.
_eAUT
245 0 _aIntroducción a la econometría
260 _c1996
300 _a
_c
650 _aGEN
654 _aCAN
942 _cLIB
_dJUS
_fJUS
_2ddc
_n
999 _c4744
_d4744